000 00211 a2200097 4500
001 26854
100 _aInteravia, S.A
245 _aInteravia ABC 1978 26th ed
260 _a
_bInteravia
_c
090 _c18087
_d18087
942 _aNUST-CAE
_cM
_c8988
999 _c261927
_d261927